000 01737nam a2200325 4500
003 EC-UNACH
005 20250929122046.0
006 s||||gr|||| 00| 00
008 150116t9999 mx r gr 000 0 spa d
020 _a978-84-9751-240-4
040 _aEC-UNACH
_cEC-UNACH
041 _aspa
082 0 4 _223
_a615.82
_bL000418
110 _aGrupo ARS XXI de Comunicación S.L
245 _aTécnicas de infiltración. Manual práctico
250 _aPrimera reimpresión
264 _aBarcelona - España
_bGrupo ARS XXI de Comunicación S.L
_c2010
300 _a122 páginas
_bFiguras
_c16 x 24,5 cm
505 _a1. GENERALIDADES -- Indicaciones -- Contraindicaciones -- Complicaciones -- Objetivos -- Materiales -- Fármacos -- Corticoides -- Anestésicos locales -- Orgoteína -- Sinoviortesis -- inovectomía química -- Viscosuplementación -- Técnicas -- 2. TÓRAX -- Articulaciones condroesternales -- Articulación esternoclavicular -- 3. EXTREMIDAD SUPERIOR -- Hombro -- Espacio subacromial -- Canal bicipital -- Articulación glenohumeral -- Articulación acromioclavicular -- Codo -- Entesitis epicondíleas -- Entesitis epitrocleares -- Bursitis olecraneana -- 4. EXTREMIDAD INFERIOR -- Cadera -- Rodilla -- Tobillo y pie -- 5. COLUMNA VERTEBRAL -- Columna Lumbar -- Columna cervical -- 6. ARTICULACIÓN EMPOROMANDIBULAR -- Anatomía -- Patología y tratamiento – Artrocentesis.
650 _aFÁRMACOS
650 _aCORTICOIDES
650 _aANESTÉSICOS LOCALES
700 _aMarzal. Enrique
700 _aEdo Llobet, Magda
700 _aViladot Perice, Ramón
942 _2ddc
_c1
999 _c13926